00281nam a22000977a 4500008004100000082001600041100000800057245008800065260002200153300000800175230621b xxu||||| |||| 00| 0 eng d a328.30bCPA cCPA a9th Commonwealth Parliamentary Conference of Members from Small CountriesbBarbados aLondonbCPAc1989 a80p